El derecho de propiedad privada: concepto, evolución y crítica
Guardat en:
| Autor principal: | |
|---|---|
| Format: | Llibre |
| Idioma: | espanyol |
| Publicat: |
Caracas
Centro de estudios Políticos Latinoamericano
1988
|
| Edició: | 2a. ed |
| Matèries: | |
| Etiquetes: |
Afegir etiqueta
Sense etiquetes, Sigues el primer a etiquetar aquest registre!
|
MARC
| LEADER | 00000cam a2200000 a 4500 | ||
|---|---|---|---|
| 001 | UCD2956 | ||
| 003 | CL-VaPUC | ||
| 008 | 160520e19880000ve |||||||||||||||||spa|d | ||
| 082 | 0 | 4 | |a 323.44 |b NOV |2 21 |
| 100 | |a Novoa Monreal, Eduardo |e autor |9 499707 | ||
| 245 | 1 | 3 | |a El derecho de propiedad privada: concepto, evolución y crítica |
| 250 | |a 2a. ed | ||
| 300 | |a 164 p | ||
| 942 | |c BK | ||
| 945 | |d 20160520 11:34:00 |a dcastane | ||
| 260 | |a Caracas |b Centro de estudios Políticos Latinoamericano |c 1988 | ||
| 650 | 0 | |a Derechos civiles |9 255655 | |
| 650 | 0 | |a Derechos humanos |9 223025 | |
| 650 | 0 | |a Derecho a la intimidad |9 256183 | |
| 650 | 7 | |a LIBERTAD Y DERECHO |2 CL-VaPUC |9 395049 | |
| 583 | |a last modification |c 20160520 11:34:00 |k Rodrigo Vera | ||
| 999 | |c 364065 |d 364063 | ||
| 952 | |0 0 |1 0 |3 erb |4 0 |6 323_440000000000000_NOV_1988 |7 0 |8 A |9 476977 |a FDOHBE |b FDOHBE |e Huesbe Llanos, Marco Antonio, 1934- |i 5305640 |o 323.44 NOV 1988 |p 5305640 |r 2024-01-30 |w 2019-11-24 |y BK |z Catalogado en:20160520 |k HBE | ||